Word Ladder: King Arthur Quiz Stats

Quiz Updated Aug 20, 2015

Challenge
Share
Tweet
Embed
Score 0/24 Timer 03:00
1 Play Today
Hint 5-Letter Word % Correct
Unable to seeBLIND
95.5%
Tasteless and blahBLAND
94%
Flashy jewelry, in modern lingoBLING
93.8%
Wheat or riceGRAIN
93.7%
Support for a broken armSLING
93.1%
A space to fill in a formBLANK
92.9%
Great white, mako, or loan ____SHARK
92.7%
Nibble between mealsSNACK
92.6%
The ____ Knight insists 'It's just a flesh wound'BLACK
90.5%
Loose, not tautSLACK
89.7%
Killed, like a dragon or the JabberwockSLAIN
89%
Broken pottery pieceSHARD
88.5%
Hint 5-Letter Word % Correct
'Daddy-o' and 'the bee's knees' are old examples of thisSLANG
88%
Sarcastic speechSNARK
87.7%
What Excalibur is✠SWORD✠
87.6%
Without adornmentPLAIN
86.4%
Band that sang 'Drops of Jupiter'TRAIN
81.9%
A braid of hairPLAIT
80.6%
A slope or a point of viewSLANT
79.2%
An expanse of grassSWARD
79.2%
You'd find one in a shrubberyPLANT
78.8%
What the Round Table Knights seek✠GRAIL✠
76.1%
Author of A Connecticut Yankee in King Arthur's CourtTWAIN
63.9%
A young suitor or loverSWAIN
63.1%

Today's Daily Dose

You're not logged in!

Compare scores with friends on all Sporcle quizzes.
Join for Free
OR
Log In

You Might Also Like...

Show Comments

Extras

Top Quizzes Today


Score Distribution

Your Account Isn't Verified!

In order to create a playlist on Sporcle, you need to verify the email address you used during registration. Go to your Sporcle Settings to finish the process.

Report this User

Report this user for behavior that violates our Community Guidelines.

Details: